| 000 | 01110cam a22003614a 4500 | ||
|---|---|---|---|
| 001 | 4343 | ||
| 003 | FISKH | ||
| 005 | 20241218122445.0 | ||
| 008 | 000222s2000 nyua b 000 0 eng | ||
| 010 | _a 00025925 | ||
| 020 | _a0448419661 (pb) | ||
| 020 | _a0448422808 (GB) | ||
| 020 | _a9780439264389 | ||
| 040 |
_aDLC _cDLC _dDLC _beng |
||
| 050 | _aQL544.N49 | ||
| 082 | _a595.789 | ||
| 100 | 1 | _aNeye, Emily. | |
| 245 | 1 | 0 |
_aButterflies / _cby Emily Neye ; illustrated by Ron Broda. |
| 250 | _aThis edition first printing, April 2013 | ||
| 260 |
_aNew York : _bScholastic, _c2000 |
||
| 300 |
_a32 pages : _bcolor illustrations ; _c23 cm |
||
| 490 |
_aPenguin Yung Readers _vLevel 2 |
||
| 505 | _aJ | ||
| 520 | _aDescribes the appearance, life cycle, habits, habitat, and winter migration of butterflies. | ||
| 521 |
_a460
_bLexile |
||
| 521 |
_aJ
_bRaz-Plus |
||
| 650 | 0 |
_aButterflies _vJuvenile literature. |
|
| 650 | 1 | _aButterflies. | |
| 700 | 1 |
_aBroda, Ron, _eillustrator |
|
| 906 |
_a7 _bcbc _corignew _d1 _eocip _f20 _gy-gencatlg |
||
| 942 |
_2ddc _cBK _n0 |
||
| 999 |
_c4343 _d4343 |
||